Catálogo

Arte iberoamericano desde la colonización a la independencia : (Registro nro. 10628)

Detalles MARC
000 -LEADER
fixed length control field 01435cam a2200373 i 4500
001 - CONTROL NUMBER
control field 10628
003 - CONTROL NUMBER IDENTIFIER
control field Mx-PuUPA
005 - DATE AND TIME OF LATEST TRANSACTION
control field 20220222112520.0
008 - FIXED-LENGTH DATA ELEMENTS--GENERAL INFORMATION
fixed length control field 140415s1986 sp a gre 001 0 spa d
017 ## - COPYRIGHT OR LEGAL DEPOSIT NUMBER
Copyright or legal deposit number M. 9.665-1963
020 ## - INTERNATIONAL STANDARD BOOK NUMBER
International Standard Book Number 8423952290
Qualifying information tomo 29
040 ## - CATALOGING SOURCE
Original cataloging agency Mx-PuUPA
Language of cataloging spa
Transcribing agency Mx-PuUPA
Modifying agency Mx-PuUPA
Description conventions rda
041 0# - LANGUAGE CODE
Language code of text/sound track or separate title spa
245 00 - TITLE STATEMENT
Title Arte iberoamericano desde la colonización a la independencia :
Remainder of title segunda parte /
Statement of responsibility, etc. por Santiago Sebastián López, José de Mesa Figueroa, Teresa Gisbert de Mesa
250 ## - EDITION STATEMENT
Edition statement Segunda edición
264 #1 - PRODUCTION, PUBLICATION, DISTRIBUTION, MANUFACTURE, AND COPYRIGHT NOTICE
Place of production, publication, distribution, manufacture Madrid :
Name of producer, publisher, distributor, manufacturer Espasa-Calpe,
Date of production, publication, distribution, manufacture, or copyright notice 1986
-- ©1985
300 ## - PHYSICAL DESCRIPTION
Extent 683 páginas :
Other physical details ilustraciones (algunas a color) ;
Dimensions 28 cm
336 ## - CONTENT TYPE
Fuente rdacontent
Content type term texto
Content type code txt
336 ## - CONTENT TYPE
Fuente rdacontent
Content type term imagen fija
Content type code sti
337 ## - MEDIA TYPE
Source rdamedia
Media type term sin medio
Media type code n
338 ## - CARRIER TYPE
Source rdacarrier
Carrier type term volumen
Carrier type code nc
490 1# - SERIES STATEMENT
Series statement Summa artis, historia general del arte ;
Volume/sequential designation 29
650 #7 - SUBJECT ADDED ENTRY--TOPICAL TERM
Topical term or geographic name entry element Arte
General subdivision Historia
Source of heading or term armarc
655 #7 - INDEX TERM--GENRE/FORM
Source of term armarc
Genre/form data or focus term Enciclopedias
700 1# - ADDED ENTRY--PERSONAL NAME
Personal name Sebastián López, Santiago,
Relator term autor
700 1# - ADDED ENTRY--PERSONAL NAME
Personal name Mesa Figueroa, José de,
Relator term autor
700 1# - ADDED ENTRY--PERSONAL NAME
Personal name Gisbert de Mesa, Teresa,
Relator term autor
785 00 - SUCCEEDING ENTRY
Main entry heading Franca, José-Augusto,
Edition Segunda edición
Place, publisher, and date of publication Madrid : Espasa-Calpe, 1989
Title Arte portugués
Record control number (Mx-PuUPA) 10627
International Standard Book Number 8423952304
830 #0 - SERIES ADDED ENTRY--UNIFORM TITLE
9 (RLIN) 12114
Uniform title Summa artis, historia general del arte
Volume/sequential designation 29
942 ## - ADDED ENTRY ELEMENTS (KOHA)
Source of classification or shelving scheme Dewey Decimal Classification
Koha item type Libro
Classification part 709
Item part S955
Existencias
Withdrawn status Lost status Source of classification or shelving scheme Damaged status Not for loan Collection code Home library Current library Shelving location Date acquired Source of acquisition Serial Enumeration / chronology Total Checkouts Full call number Barcode Date last seen Price effective from Koha item type
    Dewey Decimal Classification     Referencia Biblioteca Karol Wojtyla Biblioteca Karol Wojtyla Área de silencio 03/12/2013 Compra v.29   709 S955 1985 25736 05/01/2026 03/12/2013 Libro R